000 00582nam a2200169 4500
008 170727b xxu||||| |||| 00| 0 eng d
020 _a971-08-6796-2
082 _22007
_aDFil 641.59
_bC57
100 _921482
_aSerraon-Claudio, Virginia
245 _aInternational cuisine/
_cVirginia Serraon-Claudio and Adela Jamorabo-Ruiz
260 _aMandaluyong City:
_bNational Book Store,
_cc2007.
300 _axiv, 340 pages:
_billustrations;
_c25 cm.
500 _aIncludes index.
650 0 _921483
_aCooking, International.
700 _921484
_aJamorabo-Ruiz, Adela
942 _2ddc
_cDFIL
999 _c7106
_d7106